000 00348nam a2200133Ia 4500
005 20260328104317.0
008 260328s9999||||xx |||||||||||||| ||und||
100 _aMountjoy, Alan
245 0 _aIndustrializaction and Under - developed Countries /
_cAlan Mountjoy
260 _bGeography
300 _a200 p.
650 _aURBANISMO
942 _cBK
999 _c11202
_d11202